00985 2200325 4500001002100000005001500021035002000036007000300056008004100059020002200100040002200122082001400144084001600158090002200174100002000196245008500216250003200301300005700333500001100390650001900401700002100420850001200441504003400453264005400487336002100541337003000562338002300592999002200615990002200637INLIS00000000085669320210519081111 a0010-0221000011ta210204t2020 yoia 1 ind d a978-602-386-858-2 aYOPDYOGbinderda04223a512.5 a512.5 SAL t aCB.D-11 2020-03070 aSalmahepenulis10aTeori sistem kendali linear dan aplikasinya /cpenulis, Salmah; penyunting, Yuni aCetakan pertama, April 2020 ax, 178 halaman :bilustrasi, gambar, grafik ;c23 cm aIndeks 4aAljabar linear0 aYuniepenyunting aYOPDYOG aBibliografi : halaman 169-1703 aYogyakarta :bGadjah Mada University Press,c2020 2rdacontentateks 2rdamediaatanpa perantara 2rdacarrieravolume aCB.D-11/2020-0307 aCB-D.11/2020-0307